00366cam a22001097a 4500008004000000082002000040100001500060245007900075260006300154300001100217650002800228180718b1986 xxu||||| |||| 00| 0 eng d aAPPPA 85-86 KAL aKala, Alka aNational textile policy during the 80s: a critical appraisalcby Alka Kala aNew DelhibIndian Institute of Public Administrationc1986 a102+p. aNational textile policy